Snoopy / (Record no. 47805)
| 000 -LEADER | |
|---|---|
| fixed length control field | 00338nam a2200121 4500 |
| 020 ## - INTERNATIONAL STANDARD BOOK NUMBER | |
| International Standard Book Number | 9781782761594 |
| 100 ## - MAIN ENTRY--PERSONAL NAME | |
| Personal name | Schulz, Charles M. |
| 9 (RLIN) | 40595 |
| 245 ## - TITLE STATEMENT | |
| Title | Snoopy / |
| Statement of responsibility, etc | Charles M. Schulz. |
| 260 ## - PUBLICATION, DISTRIBUTION, ETC. (IMPRINT) | |
| Place of publication, distribution, etc | London: |
| Name of publisher, distributor, etc | Titan Comics, |
| Date of publication, distribution, etc | 2015. |
| 300 ## - PHYSICAL DESCRIPTION | |
| Extent | unpaged. |
| Other physical details | ill. |
| Dimensions | 20 cm. |
| 650 ## - SUBJECT ADDED ENTRY--TOPICAL TERM | |
| Topical term or geographic name as entry element | Comic books, strips, etc. |
| 9 (RLIN) | 85627 |
| 942 ## - ADDED ENTRY ELEMENTS (KOHA) | |
| Source of classification or shelving scheme | |
| Koha item type | Books/GRAPHICS |
| Withdrawn status | Lost status | Source of classification or shelving scheme | Damaged status | Not for loan | Collection code | Home library | Current library | Date acquired | Total Checkouts | Full call number | Barcode | Date last seen | Date checked out | Price effective from | Koha item type |
|---|---|---|---|---|---|---|---|---|---|---|---|---|---|---|---|
| SECONDARY | Asian Hope Secondary Library | Asian Hope Secondary Library | 11/06/2024 | 21 | J GRAPHIX SCH | 206659 | 04/28/2026 | 04/21/2026 | 11/06/2024 | Books/GRAPHICS |